Investigación de operaciones en la ciencia administrativa /

Guardado en:
Autor Principal: Gould, F. J. 1936-
Otros Autores: Eppen, Gary D., 1936-, Schmidt, C. P.
Formato: Libro
Idioma:Spanish
English
Publicado: Naucalpan de Juaréz, Edo. de México : Prentice-Hall Hispanoamericana, c1992.
Edición:3a. ed.
Materias:
Etiquetas: Agregar Etiqueta
Sin Etiquetas, Sea el primero en etiquetar este registro!
LEADER 01245nam a22003015a 4500
001 EAD.ead001073
008 071025s1992####mx############001#0#spa#d
005 20101012160403.0
245 1 0 |a Investigación de operaciones en la ciencia administrativa /  |c F. J. Gould, G. D. Eppen, C. P. Schmidt ; traducción, Julio Coro Pando ; revisión técnica, Ma. del Carmen Hernández Ayuso. 
250 |a 3a. ed. 
260 |a Naucalpan de Juaréz, Edo. de México :  |b Prentice-Hall Hispanoamericana,  |c c1992. 
300 |a xxiii, 826 p. ;  |c 25 cm. 
500 |a Traducción de: Introductory management science, 3th ed. 
500 |a Incluye índice. 
020 |a 9688802549 
100 1 |a Gould, F. J.  |q (Floyd Jerome),  |d 1936- 
700 1 |a Eppen, Gary D.,  |d 1936- 
700 1 |a Schmidt, C. P. 
082 0 4 |a 658.4034  |2 21 
650 7 |a Investigación de operaciones.  |2 unbist 
650 7 |a Programación lineal.  |2 unbist 
650 7 |a Análisis de redes.  |2 unbist 
650 7 |a Método PERT.  |2 unbist 
650 7 |a Teoría de la alineación.  |2 unbist 
653 |a Pronósticos 
041 1 |a spa  |h eng 
859 |a AR-BaBDC  |b BIB. ADMINISTRACION - Libros  |h 658.4034  |i Ep72-1a3  |p b03725 
859 |a AR-BaBDC  |b BIB. ADMINISTRACION - Libros  |h 658.4034  |i Ep72-1a3  |p b03969  |t Ej.2